Movies Quiz

Random Movies or Quote Quiz
Score 0/20 Timer 05:00
1 Play Today
Quote Movie % Correct
Use the Force, Luke.Star Wars: Episode IV - A New Hope
96.5%
You're gonna need a bigger boat.Jaws
94.9%
I'm gonna make him an offer he can't refuse.The Godfather
94.5%
Yo, Adrian!Rocky
91.5%
You are the only survivor of the planet Krypton.Superman
89.4%
Well, do ya, punk?Dirty Harry
88.3%
You talkin' to me?Taxi Driver
87.9%
I love the smell of napalm in the morning.Apocalypse Now
84.8%
Toga! Toga!Animal House
80.9%
I'm as mad as hell, and I'm not gonna take this anymore!Network
60.7%
Quote Movie % Correct
Half the country never even heard of the word Watergate.All the President's Men
60.5%
Kiss my hot lips!M*A*S*H
58.5%
Forget it, Jake.Chinatown
53.1%
Attica! Attica!Dog Day Afternoon
46.8%
Excuse me while I whip this out.Blazing Saddles
37.3%
They was giving me ten thousand watts a day, you know, and I'm hot to trot!One Flew Over the Cuckoo's Nest
36.2%
If I concentrate hard enough, I can move things.Carrie
27.9%
You've fooled them, haven't you, Michael?Halloween
20.8%
Listen, I still gotta find that blonde.American Graffiti
15.9%
Come on, cat.Alien
9.3%
Remove Ads.
Support Sporcle.
Get the best of Sporcle when you Go Orange. This ad-free experience offers more features, more stats, and more fun while also helping to support Sporcle. Thank you for becoming a member.

You're not logged in!

Compare scores with friends on all Sporcle quizzes.
OR
Log In

Show Comments

Extras

Top Quizzes Today


Score Distribution

Your Account Isn't Verified!

In order to create a playlist on Sporcle, you need to verify the email address you used during registration. Go to your Sporcle Settings to finish the process.

Report this User

Report this user for behavior that violates our Community Guidelines.

Details: